| 000 | 00535 a2200169 4500 | ||
|---|---|---|---|
| 001 | 068917 | ||
| 003 | OSt | ||
| 005 | 20220329135849.0 | ||
| 008 | |||
| 082 |
_a516.36 _bB45G |
||
| 100 | 1 | _aBerger, Marcel | |
| 245 | 1 |
_aGeometry revealed _cby Marcel Berger |
|
| 260 |
_aNew York _bSpinger _c2010 |
||
| 300 | _a831p. | ||
| 653 | _aGeometry, Differential; Geometry; Mathematics; Combinatorial analysis; Differentiable dynamical systems; Discrete groups; Global differential geometry | ||
| 942 |
_2ddc _cBK |
||
| 999 |
_c2533 _d2533 |
||